Casas del vedado / (Record no. 8711)
[ view plain ]
| 000 -CABECERA | |
|---|---|
| campo de control de longitud fija | 00729cam a2200229 a 4500 |
| 001 - NÚMERO DE CONTROL | |
| campo de control | 000008946 |
| 005 - FECHA Y HORA DE LA ÚLTIMA TRANSACCIÓN | |
| campo de control | 20200929161440.0 |
| 008 - DATOS DE LONGITUD FIJA--INFORMACIÓN GENERAL | |
| campo de control de longitud fija | 931009s1989 cu 001 j spa d |
| 040 ## - FUENTE DE LA CATALOGACIÓN | |
| Centro catalogador/agencia de origen | DO-SdBNP |
| Lengua de catalogación | spa |
| Centro/agencia transcriptor | BNPHU |
| 082 ## - NÚMERO DE LA CLASIFICACIÓN DECIMAL DEWEY | |
| Número de clasificación | C863.44 |
| Número de documento/Ítem | L791c |
| 100 1# - ENTRADA PRINCIPAL--NOMBRE DE PERSONA | |
| Nombre de persona | Llana, María Elena, |
| Fechas asociadas al nombre | 1936- |
| 9 (RLIN) | 23531 |
| 245 10 - MENCIÓN DE TÍTULO | |
| Título | Casas del vedado / |
| Mención de responsabilidad, etc. | María Elena Llana ; edición, José Tajes. |
| 260 ## - PUBLICACIÓN, DISTRIBUCIÓN, ETC. | |
| Lugar de publicación, distribución, etc. | La Habana (Cuba) : |
| Nombre del editor, distribuidor, etc. | Letras Cubanas, |
| Fecha de publicación, distribución, etc. | 1989. |
| 300 ## - DESCRIPCIÓN FÍSICA | |
| Extensión | 95 p. ; |
| Dimensiones | 18 cm. |
| 490 1# - MENCIÓN DE SERIE | |
| Mención de serie | Giraldilla |
| -- | Cuento |
| 504 ## - NOTA DE BIBLIOGRAFÍA, ETC. | |
| Nota de bibliografía, etc. | Incluye índice p. (95). |
| 586 ## - NOTA DE PREMIOS | |
| Nota de premios | Premio de la crítica en 1983. |
| 650 #4 - PUNTO DE ACCESO ADICIONAL DE MATERIA--TÉRMINO DE MATERIA | |
| Término de materia o nombre geográfico como elemento de entrada | Cuentos cubanos |
| 9 (RLIN) | 1482 |
| 650 #4 - PUNTO DE ACCESO ADICIONAL DE MATERIA--TÉRMINO DE MATERIA | |
| Término de materia o nombre geográfico como elemento de entrada | Literatura cubana |
| 9 (RLIN) | 1483 |
| 650 #4 - PUNTO DE ACCESO ADICIONAL DE MATERIA--TÉRMINO DE MATERIA | |
| Término de materia o nombre geográfico como elemento de entrada | Familia |
| Subdivisión general | Cuento |
| 9 (RLIN) | 23532 |
| 700 1# - PUNTO DE ACCESO ADICIONAL--NOMBRE DE PERSONA | |
| Nombre de persona | Tajes, José, |
| Término indicativo de función/relación | ed. |
| 9 (RLIN) | 23533 |
| Estado de retiro | Estado de pérdida | Restricciones de uso | No para préstamo | Código de colección | Localización permanente | Ubicación/localización actual | Ubicación en estantería | Fecha de adquisición | Número de inventario | Total de préstamos | Signatura topográfica completa | Código de barras | Fecha visto por última vez | Precio válido a partir de | Tipo de ítem Koha |
|---|---|---|---|---|---|---|---|---|---|---|---|---|---|---|---|
| Préstamo interno | Monografías: Libros y Folletos | General | General | En catalogación | 21.09.2009 | LF1 | C863.44 L791c | 8946-10 | 25.06.2020 | 25.06.2020 | Préstamo interno | ||||
| Monografías: Libros y Folletos | Patrimonio Dominicano | Patrimonio Dominicano | Orden iniciada | 25.05.2017 | LF1 | C863.44 L791c | 8946-20 | 25.06.2020 | 25.06.2020 | No se presta |
